Možnosti testovania na metalickom prenosovom médiu

Enregistré dans:
Détails bibliographiques
Auteur principal: Homporová, Claudia (Auteur)
Autres auteurs: Róka, Rastislav (Directeur de thèse)
Format: Manuscrit Livre
Langue:slovaque
Publié: Bratislava : STU v Bratislave FEI, 2021
Sujets:
Accès en ligne:https://opac.crzp.sk/?fn=detailBiblioForm&sid=7E417B54B864B7C45D2AF64635AB&seo=CRZP-detail-kniha
Tags: Ajouter un tag
Pas de tags, Soyez le premier à ajouter un tag!

MARC

LEADER 00000ntm a22000003a 4500
001 stuzp82361
003 SK-STU
005 20211129111434.4
007 ta
008 150427s2015----xo-----f-mn---000-0-slo-d
040 |a STU  |b slo 
041 0 |a slo 
044 |a xo 
100 1 |a Homporová, Claudia  |u 037000  |4 aut  |U FEI Fakulta elektrotechniky a informatiky  |T FEI Ústav multimediálnych informačných a komunikačných technológií  |X 86878  |U E070  |Y 818  |7 86878 
242 0 1 |a Possibilities for Testing on the Metallic Transmission Medium  |y eng 
245 1 0 |a Možnosti testovania na metalickom prenosovom médiu 
260 |a Bratislava :  |b STU v Bratislave FEI,  |c 2021 
300 |a 59 s., príl. 
650 4 |a DSL  |2 slo 
650 4 |a DELT  |2 slo 
650 4 |a SELT  |2 slo 
650 4 |a MELT  |2 slo 
650 4 |a DSL  |2 eng 
650 4 |a DELT  |2 eng 
650 4 |a SELT  |2 eng 
650 4 |a MELT  |2 eng 
700 1 |a Róka, Rastislav  |u 037000  |k Z1  |4 ths  |U FEI Fakulta elektrotechniky a informatiky  |T FEI Ústav multimediálnych informačných a komunikačných technológií  |X 1946  |U E070  |Y 818  |7 A000001946 
856 4 |u https://opac.crzp.sk/?fn=detailBiblioForm&sid=7E417B54B864B7C45D2AF64635AB&seo=CRZP-detail-kniha